000 00600nam a2200193Ia 4500
008 151121s9999||||xx |||||||||||||| ||und||
082 _a813/शिरव
082 _bHNW-116044
100 _aशिरवळकर सुहास
245 _aअंतिम
260 _b"दिलीपराज प्रकाशन प्रा। लि।, पुणे।"
260 _c2014
300 _a208
600 _aशिरवळकर सुहास
630 _aअंतिम
700 _aशिरवळकर सुहास
730 _aअंतिम
942 _cBOOK
999 _c1264722
_d1264719